The handbook of microcomputer interfacing
Αποθηκεύτηκε σε:
| Κύριος συγγραφέας: | |
|---|---|
| Μορφή: | Βιβλίο |
| Γλώσσα: | English |
| Δημοσίευση: |
Blue Ridge Summit, PA :
Tab Books,
c1989
|
| Έκδοση: | 2nd ed. |
| Θέματα: | |
| Ετικέτες: |
Προσθήκη ετικέτας
Δεν υπάρχουν, Καταχωρήστε ετικέτα πρώτοι!
|
MARC
| LEADER | 00000cam a2200000 i 4500 | ||
|---|---|---|---|
| 001 | 1/42052 | ||
| 008 | 971127s1989 eng d | ||
| 020 | |a 0830691014 | ||
| 020 | |a 0830631011 | ||
| 035 | |l 10041661 | ||
| 035 | |a 1997 |c ΔΩΡΕΑ ΤΖΑΦΕΡΗ | ||
| 040 | |a GR-MY-UA |b gre |e aacr | ||
| 041 | 0 | |a eng | |
| 082 | 0 | |a 621.3981 | |
| 100 | 1 | |a Leibson, Steve. | |
| 245 | 1 | 4 | |a The handbook of microcomputer interfacing / |c Steve Leibson |
| 250 | |a 2nd ed. | ||
| 260 | |a Blue Ridge Summit, PA : |b Tab Books, |c c1989 | ||
| 300 | |a x, 340 p.; |b ill.; |c 25 cm. | ||
| 500 | |a Includes index | ||
| 650 | 0 | 0 | |a Computer interfaces. |
| 650 | 0 | 0 | |a Microcomputers. |
| 852 | |a INST |b SAMOS |e 19971127 |h 621.3981 LEI |p 005300008417 |q 005300008417 |t BK |y 0 | ||
| 901 | |a BIBL-1997-2 | ||
| 909 | |a Σ |b 050505 | ||